000
00237 a2200097 4500
001
35489
100
_a
Hostetter G H
245
_a
Design of feedback control systems
260
_a
NY
_b
Holt Rinehart & Winston
_c
090
_c
23421
_d
23421
942
_a
NUST-CAE
_c
M
_c
14916
999
_c
270562
_d
270562